[Event "Loire Cup"]
[Site "Loire"]
[Date "2015.05.10"]
[Round "1.1"]
[White "Doran, Niall"]
[Black "Moreira, Florian"]
[Result "1-0"]
[WhiteElo "1723"]
[BlackElo "1305"]
[PlyCount "58"]
[EventDate "2015.05.10"]
[EventType "team-swiss"]
[EventRounds "3"]
[EventCountry "FRA"]
[SourceTitle "EXT 2016"]
[Source "ChessBase"]
[SourceDate "2015.10.08"]
[SourceVersion "1"]
[SourceVersionDate "2015.10.08"]
[SourceQuality "1"]
[WhiteTeam "St Chamond II"]
[BlackTeam "EDR II"]
[WhiteTeamCountry "FRA"]
[BlackTeamCountry "FRA"]

1. e4 d5 2. exd5 Qxd5 3. Nc3 Qa5 4. g3 e6 5. Bg2 Nf6 6. Nge2 Bd6 7. d3 c6 8. Bf4 e5 9. Bd2 Qd8 10. Ne4 Bc7 11. N2c3 0-0 12. Bg5 Nbd7 13. Nxf6+ Nxf6 14. Ne4 Bd6 15. 0-0 Re8 16. Qe2 Be7 17. Rae1 Nd7 18. Bd2 Nf6 19. Bc3 Nd7 20. Qd2 Qc7 21. Qe2 Nf6 22. Nxf6+ Bxf6 23. f4 Re7 24. fxe5 Bxe5 25. Bxe5 Rxe5 26. Qxe5 Qxe5 27. Rxe5 Be6 28. b3 b5 29. Bxc6 Rc8 1-0